000 00928nam a22002537a 4500
005 20140908093019.0
008 131213s2010 sp ao frn 001 0dspa
020 _a978843502691
040 _aCO-BoUCM
_bspa
_cJose A. Gerena (modificó)
_d[Nuevo]
041 0 0 _aspa
100 1 _aFiges, Orlando
_952914
245 1 3 _aLa revolución rusa 1891-1924. (rústica)
_cOrlando Figes ; traducción de César Vidal
260 _aBarcelona (España)
_bEdhasa
_c2010
300 _a989 páginas
_bilustraciones y fotografías
490 0 _aEnsayo histórico
504 _aIncluye referencias bibliográficas e índices
651 4 _aRusia
_xAspectos sociales
_y1891-1924
_953305
651 4 _aRusia
_xHistoria
_y1891-1924
_953304
690 _aHistoria de Europa
700 1 _aVidal, César
_etraductor
_952915
765 1 _tA people's tragedy
942 _a21
_cLIBRO
_e1
_mF471r
_2DEWEY
_h947.083
999 _c182710
_d182710